000 00311nam a22001337a 4500
008 170614b xxu||||| |||| 00| 0 eng d
020 _a0881334472
041 _aeng
080 _a94
100 _a17
101 _aSHH
245 _aFORMAL EDUCATION IN AN AMERICAN INDIAN COMMUNITY
_cWAX,M.L
942 _2udc
_cBK
999 _c17265
_d17265